000 00982nam a2200241 i 4500
001 188612
003 ES-MaACL
005 20230906223245.0
008 190108s1967 sp |||| | spa d
100 1 _aWerrie, Paul.
_9116513
245 1 0 _aSituación y difusión de la literatura española en el extranjero /
_cPaul Werrie.
260 _aMadrid :
_bAteneo :
_bEditora Nacional,
_c1967.
300 _a41 p. ;
_c20 cm.
490 1 _aColección Ateneo ;
_v40
594 _aConferencia pronunciada en el Ateneo de Madrid el día 17 de enero de 1967.
598 _aEn verso de anteport.: Esta colección la publica Editora Nacional.
610 2 4 _aAteneo de Madrid-
_vConferencias-
_y1940-1982.
_91908
650 4 _aLiteratura española-
_xRecepción-
_xPaíses extranjeros.
_9165892
710 2 _aAteneo de Madrid.
_91875
830 0 _aColección Ateneo ;
_v40
_9180032
852 _aES-MaACL
_jP-211-Ter-4-6
_z.-En lomo: 35-42
999 _c188612
_d188612